000 00782nam0a22002531 4500
001 rc\894596
005 20250622033250.0
021 _aRU
_b2009-78059
_92555
035 _a(NLR Aleph) 006070897
090 _a5001250
_c5001250
100 _a20041129d1984 |||y0rusy50 ca
101 0 _arus
102 _aRU
105 _aa |||||||||
200 1 _aКниги, открывающие мир
_e[Сб. очерков
_fСост. и предисл. Б.Г. Володина]
210 _aМ.
_cКнига
_d1984
215 _a333 с.
_cил., портр.
_d17
225 1 _aСудьбы книг
702 1 _aВолодин
_bБ.Г.
_gБорис Генрихович
_4220
801 0 _aRU
_bNLR
_gpsbo
801 1 _aRU
_bELAR
_2rusmarc
852 _aNLR
_j84-2/3775
942 _cBOOK
980 _aNB